000 00534nam a2200181Ia 4500
005 20250508150222.0
008 008 250505s9999 xx 000 0 eng d
037 _aTextual
040 _aFEDL
_beng
_cFEDL
041 _aeng
_2eng
084 _aB, NEH
_qFEDL
100 _aNehru Jawaharlal
245 0 _aJawaharlal Nehru: An autobiography with musings on recent events in India
260 _aLondon, UK
_bJohn Lane the Bodley Head
_c1947
300 _axiii,623p.
942 _cTEXL
_hB, NEH
999 _c1322451
_d1322451